Combinatorial optimization (Record no. 11692)

000 -LEADER
fixed length control field 01289cam a2200301 a 4500
001 - CONTROL NUMBER
control field 1654534
005 - DATE AND TIME OF LATEST TRANSACTION
control field 20170105102346.0
008 - FIXED-LENGTH DATA ELEMENTS--GENERAL INFORMATION
fixed length control field 970723s1997 nyua b 001 0 eng
010 ## - LIBRARY OF CONGRESS CONTROL NUMBER
LC control number 97035774
020 ## - INTERNATIONAL STANDARD BOOK NUMBER
International Standard Book Number 047155894X (cloth : alk. paper)
040 ## - CATALOGING SOURCE
Original cataloging agency DLC
Transcribing agency DLC
Modifying agency DLC
050 00 - LIBRARY OF CONGRESS CALL NUMBER
Classification number QA402.5
Item number .C54523 1998
082 00 - DEWEY DECIMAL CLASSIFICATION NUMBER
Classification number 519.76
Edition number 21
245 00 - TITLE STATEMENT
Title Combinatorial optimization
Statement of responsibility, etc. William J. Cook
260 ## - PUBLICATION, DISTRIBUTION, ETC.
Place of publication, distribution, etc. New York :
Name of publisher, distributor, etc. Wiley,
Date of publication, distribution, etc. c1998.
300 ## - PHYSICAL DESCRIPTION
Extent x, 355 p. :
Other physical details ill. ;
Dimensions 25 cm.
440 #0 - SERIES STATEMENT/ADDED ENTRY--TITLE
Title Wiley-Interscience series in discrete mathematics and optimization
500 ## - GENERAL NOTE
General note "A Wiley-Interscience publication."
504 ## - BIBLIOGRAPHY, ETC. NOTE
Bibliography, etc. note Includes bibliographical references (p. 337-346) and index.
650 #0 - SUBJECT ADDED ENTRY--TOPICAL TERM
Topical term or geographic name entry element Combinatorial optimization.
700 1# - ADDED ENTRY--PERSONAL NAME
Personal name Cook, William,
Dates associated with a name 1957-
856 42 - ELECTRONIC LOCATION AND ACCESS
Materials specified Contributor biographical information
Uniform Resource Identifier <a href="http://www.loc.gov/catdir/bios/wiley041/97035774.html">http://www.loc.gov/catdir/bios/wiley041/97035774.html</a>
856 42 - ELECTRONIC LOCATION AND ACCESS
Materials specified Publisher description
Uniform Resource Identifier <a href="http://www.loc.gov/catdir/description/wiley032/97035774.html">http://www.loc.gov/catdir/description/wiley032/97035774.html</a>
856 4# - ELECTRONIC LOCATION AND ACCESS
Materials specified Table of Contents
Uniform Resource Identifier <a href="http://www.loc.gov/catdir/toc/onix02/97035774.html">http://www.loc.gov/catdir/toc/onix02/97035774.html</a>
906 ## - LOCAL DATA ELEMENT F, LDF (RLIN)
a 7
b cbc
c orignew
d 1
e ocip
f 19
g y-gencatlg
942 ## - ADDED ENTRY ELEMENTS (KOHA)
Source of classification or shelving scheme
Koha item type Book
Holdings
Withdrawn status Lost status Damaged status Not for loan Collection code Permanent Location Current Location Shelving location Date acquired Source of acquisition Cost, normal purchase price Total Checkouts Full call number Barcode Date last seen Price effective from Koha item type
          Central Library (CL) Central Library (CL) General Stacks 04/09/2013 Multi-Line Books 12266.82   519.76 COO SEECS012198 01/11/2019 01/05/2017 Book
© 2023 Central Library, National University of Sciences and Technology. All Rights Reserved.